Taylor Swift - Devine la chanson sans indices #59 - Statistiques

Statistiques générales
  • Ce quiz a été pris 258 fois
  • Le résultat moyen est 273 sur 394
Statistiques - réponses
Réponse % Correct
I
99%
I
99%
(I
99%
you,
99%
you
99%
You
99%
you)
99%
(you
99%
a
98%
Ah-ah,
98%
ah-ah
98%
oh
94%
(Oh,
94%
oh,
94%
oh)
94%
Oh,
94%
Oh
94%
the
94%
whoah,
94%
me
92%
me,
92%
me)
92%
love
89%
be
87%
To
87%
to
87%
And
86%
and
86%
we
86%
We
86%
It
85%
It
85%
in
81%
we're
81%
is
80%
know
80%
like
80%
like)
80%
of
80%
when
80%
don't
79%
don’t
79%
I'm
79%
For
78%
It's
76%
but
74%
But
74%
This
72%
night
69%
I'll
68%
if
67%
up
66%
will
66%
about
65%
at
65%
at
65%
time
65%
time,
65%
too
65%
Too
65%
with
65%
just
64%
feels
63%
our
63%
want
63%
have
62%
22
61%
make
60%
Everything
59%
feeling
59%
Yeah,
57%
one
57%
perfect
57%
yeah
57%
(yeah,
57%
yeah)
57%
yeah,
57%
alright
56%
(alright)
56%
keep
56%
bet
55%
fall
53%
free,
53%
dress
52%
exes
52%
next
52%
those
52%
dancing
51%
(dancing
51%
fun
51%
same
50%
happy,
49%
hipsters
48%
strangers
48%
magical,
47%
midnight
47%
confused,
45%
lonely
45%
nights
45%
many
44%
cool
43%
forget
43%
kids
43%
way
43%
won't
43%
best
41%
look
41%
miserable
40%
place
40%
crowded
39%
end
39%
seems
39%
sleeping
39%
whole
39%
bad
38%
breakfast
38%
scene
38%
Tonight's
38%
("Who's
38%
Taylor
37%
anyway?
36%
deadlines
36%
Swift
36%
instead
35%
gotta
34%
heartbreaks
32%
Hey!
31%
Hey!
31%
dreaming,
31%
news
30%
Ew")
27%
ditched
26%
Aucun quiz correspondant
Distribution des résultats
% des personnes avec chaque résultat
Percentile par nombre de réponses
Votre historique - résultats
Vous n’avez pas pris ce quiz